Langue la plus parlée par pays (sur une carte du monde) - Statistiques

Statistiques générales
  • Ce quiz a été pris 227 fois
  • Le résultat moyen est 137 sur 196
Réponses sur la Carte
Les réponses sont colorées sur une échelle allant du rouge au vert en fonction du pourcentage des utilisateurs qui les ont devinées à leur premier essai. Vous pouvez retrouver ces pourcentages ci-dessous.
 
Statistiques - réponses
Langue la plus parlée % Correct
Anglais
100%
Français
100%
Anglais
99%
Espagnol
99%
Arabe
98%
Mandarin
98%
Portugais
98%
Russe
98%
Italien
97%
Allemand
95%
Japonais
93%
Norvégien
91%
Suédois
91%
Turc
90%
Polonais
89%
Danois
88%
Coréen
87%
Ukrainien
87%
Néerlandais
86%
Grec
85%
Mongol
83%
Roumain
82%
Islandais
81%
Croate
77%
Malais indonésien
77%
Thaï
75%
Bulgare
73%
Estonien
73%
Letton
73%
Serbe
73%
Tchèque
73%
Finnois
72%
Hongrois
70%
Lituanien
70%
Slovaque
70%
Vietnamien
69%
Hindi
66%
Albanais
65%
Bosnien
64%
Slovène
63%
Malgache
61%
Arménien
59%
Géorgien
58%
Malais
58%
Malais du Brunei
58%
Macédonien
56%
Lao
55%
Tagalog
54%
Népalais
51%
Hébreu
50%
Birman
47%
Somali
46%
Ouzbek
45%
Bengali
44%
Farsi
43%
Swahili
43%
Créole haïtien
40%
Monténégrin
40%
Dari
39%
Maltais
36%
Tadjik
33%
Turkmène
32%
Zoulou
32%
Azéri
31%
Khmer
30%
Ourdou
28%
Créole jamaïcain
27%
Créole mauricien
27%
Wolof
26%
Kirghize
25%
Comorien
23%
Créole capverdien
18%
Créole seychellois
18%
Maldivien
16%
Amharique
15%
Samoan
15%
Palau
12%
Cinghalais
11%
Nauruan
11%
Sotho
11%
Tongien
11%
Tswana
11%
Bambara
9%
Catalan
8%
Kinyarwanda
8%
Créole guyanien
7%
Haoussa
7%
Kirundi
7%
Swati
7%
Tuvaluan
7%
Gilbertin
6%
Shona
4%
Tigrigna
4%
Tok Pisin
4%
Créole saint-lucien
3%
Ewé
3%
Krio
3%
Mooré
3%
Néo-Salomonien
3%
Bichelamar
2%
Créole bissau-guinéen
2%
Oshiwambo
2%
Tétoum
2%
Tshangla
2%
Aucun quiz correspondant
Distribution des résultats
% des personnes avec chaque résultat
Percentile par nombre de réponses
Votre historique - résultats
Vous n’avez pas pris ce quiz